000 00916nam a2200229 a 4500
008 060316s1998 ||||||||||||||||| || u
020 _a0240802934
050 _aTK4399.T6 MOO
100 _aMoody, James L
245 1 0 _aConcert lighting : techniques, art, and business
250 _a2nd ed.
260 _aBoston :
_bFocal Press
_cc1998.
300 _axx, 279 p. : ill. (some col.) ; 28 cm.
350 _a0.00
500 _aIncludes bibliographical references (p. 265-266) and index.
650 _aLighting - Special effects
650 _aMusic-halls - Lighting
650 _aSTAGE LIGHTING
856 _uhttp://www.loc.gov/catdir/description/els032/97021517.html
856 _uhttp://www.loc.gov/catdir/toc/els032/97021517.html
995 _D0.00
_FCBU-MAIN LIBRARY (Kitwe)
_H1
_I0.00
_M1
_UAVAILABLE
_WMay 2, 2006
_ZMain Library Open Access Collection
999 _c38348
_d38348